| 000 | 00851nas a22002297a 4500 | ||
|---|---|---|---|
| 005 | 20260521120125.0 | ||
| 008 | 260521b19871990porsr|p| |||| 00| z por d | ||
| 040 | _cBR-ViAPE | ||
| 245 | _aMucky News | ||
| 260 |
_aVitória _bVitória Promoções S/C Ltda _c1987-1990 |
||
| 300 |
_av. _bil. |
||
| 310 | _aQuinzenal | ||
| 362 | _aAno 10, n. 349 (mai. 1987) - ano 12, n. 411 (dez. 19990). | ||
| 500 | _aDisponibilizada apenas a imagem da capa na versão digital, em virtude de restrições de direitos autorais. | ||
| 500 | _aColeção incompleta: disponíveis apenas alguns números do periódico. | ||
| 650 |
_2Personalidades _xSocial _xModas _zEspírito Santo |
||
| 651 |
_aEspírito Santo (Brasil) _vPeriódicos |
||
| 700 |
_aBanhos, Washington Mucky _eDiretor |
||
| 710 | _aVitória Promoções S/C Ltda | ||
| 942 |
_2ddc _cPER _n1 |
||
| 999 |
_c703 _d703 |
||